Central Library OPAC University of Rajshahi

The Fourteenth amendment : (Record no. 4521)

MARC details
000 -LEADER
fixed length control field 00928cam a2200277 4500
001 - CONTROL NUMBER
control field 4521
003 - CONTROL NUMBER IDENTIFIER
rucl marc code BD-RjUL
005 - DATE AND TIME OF LATEST TRANSACTION
control field 20211208233915.0
008 - FIXED-LENGTH DATA ELEMENTS--GENERAL INFORMATION
fixed length control field 131222s1970 ii b 100 0 eng
020 ## - INTERNATIONAL STANDARD BOOK NUMBER
International Standard Book Number 0814704816
035 ## - SYSTEM CONTROL NUMBER
System control number (BD-RjUL)4556
040 ## - CATALOGING SOURCE
Original cataloging agency DLC
Transcribing agency DLC
Modifying agency BD-RjUL
Language of cataloging eng
041 ## - LANGUAGE CODE
Language code of text/sound track or separate title eng
082 00 - DEWEY DECIMAL CLASSIFICATION NUMBER
Classification number 342.7301
Edition number 20
Author mark and year FOU 1970
245 04 - TITLE STATEMENT
Title The Fourteenth amendment :
Remainder of title centennial volume /
Statement of responsibility, etc. edited by Bernard Schwartz.
260 ## - PUBLICATION, DISTRIBUTION, ETC. (IMPRINT)
Place of publication, distribution, etc. Calcutta :
Name of publisher, distributor, etc. Scientific Book
Date of publication, distribution, etc. c1970.
300 ## - PHYSICAL DESCRIPTION
Pagination vi, 233 p. ;
Size 24 cm.
350 ## - PRICE (NR) (BK AM CF MU VM SE) [OBSOLETE]
Price 7.95
500 ## - GENERAL NOTE
General note "This volume ... contains the papers delivered at a centennial conference held at the New York University School of Law on October 1, 3, and 4, 1968."
504 ## - BIBLIOGRAPHY, ETC. NOTE
Bibliography, etc Includes bibliographical references.
610 10 - SUBJECT ADDED ENTRY--CORPORATE NAME
Corporate name or jurisdiction name as entry element United States.
700 1# - ADDED ENTRY--PERSONAL NAME
Personal name Schwartz, Bernard,
Dates associated with a name 1923-1997,
Relator term ed.
942 ## - ADDED ENTRY ELEMENTS (KOHA)
Source of classification or shelving scheme Dewey Decimal Classification
Koha item type Books
Holdings
Lost status Source of classification or shelving scheme Damaged status Not for loan Collection code Permanent Location Current Location Shelving location Date acquired Source of acquisition Cost, normal purchase price Total Checkouts Full call number Date last seen Copy number Koha item type
  Dewey Decimal Classification   Not For Loan Non-fiction Central Library, University of Rajshahi Central Library, University of Rajshahi Reading Room 06/07/1976 U. S. I. S 0.00   342.7301 FOU 1970 22/12/2013 C-1 Books
  Dewey Decimal Classification     Non-fiction Central Library, University of Rajshahi Central Library, University of Rajshahi   06/07/1976 U. S. I. S     342.7301 FOU 1970 03/08/2016 C-2 Books